髻鬃花

資料類型: Book 圖書   書目號:48244

Leader xxxxxxxxxx
001 __ PCLIS00048244
005 __ 20140626105600.0008
010 0_ |a9789863230755|b平裝|dNT$280
042 __ |anbic
100 __ |a20140625d2014    m  y0chiy50      e
101 0_ |achi
102 __ |atw
105 __ |aa   z   000cy
200 1_ |a髻鬃花|e|f葉國居著
205 __ |a初版
210 __ |a臺北市|c聯合文學出版|a新北市新店區|c聯合發行總經銷|d2014[民103]
215 0_ |a251面|c|d21公分
225 2_ |a聯合文叢|v579
225 2_ |a聯合文學|v646
300 __ |a
681 __ |a855|b4467|v2007年版
700 _1 |a|b國居|4702 __ |a|b|4
801 _2 |atw|bNLPI|c20140612|gCCR
詳細館藏(共 1 筆)
索 書 號登 錄 號冊次號館別 / 館藏地流通類型狀態加入預約清單電子資源
855 / 8854 2019854  圖書館 / 一樓普通區 可外借30天 在館   

| 條列資料




目錄查詢 分類查詢 個人資料 圖書薦購 新書查詢 閉館日 排行榜 更多電子資源 Hami書城 線上資料庫 登出

From : 216.73.216.116

  本日流通累計至 00:58:32 借閱 : 0 次 續借 : 0 次 歸還 : 0 次 預約 : 0 次 電子資源 : 0 次


內湖高中圖書館  PCLIS 版本  25.5.0.2